000 00628nam a2200229Ia 4500
003 OSt
005 20221005122842.0
006 a|||||r|||| 00| 0
007 ta
008 221004b |||||||| |||| 00| 0 eng d
024 _a52930
037 _cTextual
040 _aCRL
_cCRL
_beng
041 _2eng
_aeng
082 _aTp282:N16, E7
111 _aKathiawar Muslim Educational conference (1916 : Junagarh India)
_9632727
245 0 _aKathiawar Muslim Educational conference
_b Proceedings
260 _c1917
650 _aEDUCATION
942 _hTp282:N16, E7
_cTEXL
_2cc
999 _c1045608
_d1045608